000 00579nam a2200205Ia 4500
001 1740
003 GE_BSU
008 181216s||||||||xx |||||||||||||| ||und||
040 _cGE_BSU
080 _a811.111
100 _aБалинская,В.И.
245 _aГрафика современного английского языка
260 _aМосква
260 _bВысшая школа
260 _c1964
300 _a354стр. 20см.
541 _h8л.
653 _aГрафика современного английского языка
942 _cBK
999 _c35849
_d35849